| 000 | 00467nam a2200157 i 4500 | ||
|---|---|---|---|
| 001 | 57295 | ||
| 003 | ES-MaACL | ||
| 005 | 20230906163541.0 | ||
| 007 | t| | ||
| 008 | 031015s1973 sp ||||1| spa d | ||
| 100 | 1 |
_aDomenech Coll, Jaime. _945090 |
|
| 245 | 1 | 0 |
_a¡Tic, tac! tiempo atrás / _cJaime Domenech Coll. |
| 260 |
_a[S.l. : _bs.n., _c1973] ( _ePalma de Mallorca : _fColón Inca) |
||
| 300 |
_a237 p. : _bil. ; _c21 cm. |
||
| 852 |
_aES-MaACL _jC-54256 _bR.87130 |
||
| 999 |
_c57295 _d57295 |
||